The Soft Drinks Companion : A Technical Handbook for the Beverage Industry /

Uloženo v:
Podrobná bibliografie
Hlavní autor: Shachman, Maurice (autor)
Médium: Kniha
Jazyk:angličtina
Vydáno: Boca Ratón, EUA : CRC Press, 2005, c2005
Témata:
Tagy: Přidat tag
Žádné tagy, Buďte první, kdo vytvoří štítek k tomuto záznamu!

MARC

LEADER 00000nam^a2200000^a^4500
001 000184059
005 20250521000000.0
009 20260310102101.807
020 |a 0-8493-2726-1 
037 |a Acervo ITESO - Biblioteca 
041 |a ING 
082 |a 641. 266  |b SHA 
100 |a Shachman, Maurice  |e (autor) 
245 1 4 |a The Soft Drinks Companion :  |b A Technical Handbook for the Beverage Industry /  |c M. Shachman. 
264 4 |a Boca Ratón, EUA :  |b CRC Press,  |c 2005, c2005 
300 |a XIX, 260 p. 
336 |a texto  |b txt  |2 rdacontenido 
337 |a sin mediación  |b n  |2 rdamedio 
338 |a volumen  |b nc  |2 rdasoporte 
649 |a XX 
650 |a Refrescos y Bebidas No Alcohólicas -  |x Industria y Comercio -  |x Tema Principal 
650 |a Alimentos y Bebidas -  |x Conservación 
650 |a Microbiología de Alimentos 
650 |a Industria Alimenticia 
650 |a Tecnología de Alimentos 
910 |a Fondo General 
920 |a Impresos - Libros 
930 |a Colección General 
905 |a 101 
901 |a 0500124817  |b IT1  |c ACC  |u 20250521 
902 |a https://opac.biblio.iteso.mx/vufind/Record/000184059